000 00870nam a22002177a 4500
999 _c10538
_d10538
003 AR-CdUCM
008 190308b ||||| |||| 00| 0 spa d
040 _aMUNICIPALIDAD PROVINCIAL DEL CUSCO
_cBIBLIOTECA MUNICIPAL DEL CUSCO
082 _a709.74 /
_bT51 / 1964
100 _aTibol, Raquel
_917864
245 _aHistoria general del arte mexicano :
_bépoca moderna y contemporánea /
260 _aMéxico :
_bHermes,
_c1964.
300 _a248 páginas ;
_bIlustraciones,
_c29 cm.
505 _aContenido: Introducción -- Neoclasicismo e independencia -- El esplendor de la academia y la organización nacional -- Modernismo y porfiriato -- El arte contemporáneo y la revolución cultural ...
650 _aArte
_9561
650 _aArquitectura
_93356
650 _aArte moderno
_99045
650 _aArte mexicano
_913404
942 _2ddc
_cLIBROS
945 _aacv